00374nam a22001097a 4500082002900000100001600029245006800045260007800113300002800191526003700219650000800256 a515.723bMITcL-38, P-35 aMittal, P.K aFourier series, transforms and their applicationsc P.K, Mittal aNew DelhibPublished by Ashok Gosain for Har- Anand publicationscC 1965. a173 P. :bill. ;c20 cm a0b0c0d515_723000000000000_MIT aMCE